Las unidades operativas educacionales : antecedentes y funcionamiento de una experiencia en el campo de educación de adultos.

Guardado en:
Detalles Bibliográficos
Autor principal: Gajardo, Marcela (autor)
Autor corporativo: UNESCO
Otros autores: Andraca, Ana María de (autor) (autor)
Formato: Libro
Idioma:Español
Temas:
Etiquetas: Agrega una etiqueta
Sin etiquetas, Sé el primero en etiquetar este registro!

MARC

LEADER 00000cam^a2200000uu^4500
001 000458280
005 20250521000000.0
008 050901s1978^^^^^^^^^^^^rd^r^^000^0^spa^d
009 20260310124104.524
035 |a FCE 000000730 
035 |a FCE 002531 
037 |a Acervo ITESO - Biblioteca 
041 |a spa 
082 0 4 |a 374  |b GAJu 
100 |a Gajardo, Marcela  |e (autor) 
245 1 4 |a Las unidades operativas educacionales :  |b antecedentes y funcionamiento de una experiencia en el campo de educación de adultos. 
264 |a Santiago de Chile :  |b PIIE-Estudios,  |c 1978. 
300 |a 126 p. 
336 |a texto  |b txt  |2 rdacontenido 
337 |a sin mediación  |b n  |2 rdamedio 
338 |a volumen  |b nc  |2 rdasoporte 
649 |a XX 
650 |a Estadísticas educativas 
650 |a Educación de adultos 
650 |a Experiencia educativa 
650 |a Chile 
710 |a UNESCO 
700 |a Andraca, Ana María de  |e (autor) 
910 |a Fondo Centro de Estudios Educativos 
920 |a Impresos - Libros 
930 |a Fondos Especiales 
905 |a 133 
901 |a ALE002531  |b IT2  |c CEE  |u 20250521 
902 |a https://opac.biblio.iteso.mx/vufind/Record/000458280